Stolice Europy - Statystyki

Ogólne statystyki
  • Ten quiz został rozwiązany 38 razy
  • Średni wynik to 40 z 45
Statystyki odpowiedzi
Kraj Miasto % Poprawnych
Ukraina Kijów
100%
Rosja Moskwa
100%
Francja Paryż
100%
Włochy Rzym
100%
Polska Warszawa
100%
Holandia Amsterdam
96%
Grecja Ateny
96%
Dania Kopenhaga
96%
Wielka Brytania Londyn
96%
Białoruś Mińsk
96%
Czechy Praga
96%
Watykan Watykan
96%
Chorwacja Zagrzeb
96%
Niemcy Berlin
93%
Słowacja Bratysława
93%
Portugalia Lizbona
93%
Norwegia Oslo
93%
Łotwa Ryga
93%
San Marino San Marino
93%
Szwecja Sztokholm
93%
Litwa Wilno
93%
Belgia Bruksela
89%
Węgry Budapeszt
89%
Rumunia Bukareszt
89%
Irlandia Dublin
89%
Finlandia Helsinki
89%
Luksemburg Luksemburg
89%
Hiszpania Madryt
89%
Monako Monako
89%
Austria Wiedeń
89%
Andora Andora
85%
Bośnia i Hercegowina Sarajewo
85%
Bułgaria Sofia
85%
Estonia Tallinn
85%
Albania Tirana
85%
Szwajcaria Berno
78%
Słowenia Lublana
78%
Islandia Reykjavík
78%
Liechtenstein Vaduz
78%
Serbia Belgrad
74%
Mołdawia Kiszyniów
74%
Czarnogóra Podgorica
70%
Kosowo Prisztina
70%
Malta Valletta
70%
Macedonia Północna Skopje
67%
Nie znaleziono quizów pasujących do podanych kryteriów
Rozkład punktacji
Procent ludzi z każdym wynikiem
Percentyl według liczby udzielonych odpowiedzi
Twoja historia wyników
Nie rozwiązałeś tego quizu